<?xml version="1.0" encoding="UTF-8"?>
<record
    xmlns:xsi="http://www.w3.org/2001/XMLSchema-instance"
    xsi:schemaLocation="http://www.loc.gov/MARC21/slim http://www.loc.gov/standards/marcxml/schema/MARC21slim.xsd"
    xmlns="http://www.loc.gov/MARC21/slim">

  <leader>01373nam a22002415i 4500</leader>
  <controlfield tag="001">164405</controlfield>
  <controlfield tag="003">ES-MaACL</controlfield>
  <controlfield tag="005">20251122063135.0</controlfield>
  <controlfield tag="008">990430s1796    sp           |||| | lat d</controlfield>
  <datafield tag="040" ind1=" " ind2=" ">
    <subfield code="a">M-RACE </subfield>
    <subfield code="b">spa </subfield>
    <subfield code="c">M-RACE </subfield>
    <subfield code="d">CCPB | B</subfield>
  </datafield>
  <datafield tag="100" ind1="1" ind2=" ">
    <subfield code="a">Salas, Pedro de, </subfield>
    <subfield code="d">1584-1664</subfield>
    <subfield code="9">156864</subfield>
  </datafield>
  <datafield tag="245" ind1="1" ind2="0">
    <subfield code="a">Compendium latino-hispanum ad utriusque linguae cognitionem veluti lumen / </subfield>
    <subfield code="c">Petri de Salas ; accedunt verba sacra ex adversariis Joannis Ludovici de la Cerda diligenter excerpta ; atque etiam hebraica, latino, ac hispano sermoni tam fideliter reddita, ut nihil ultra desiderandum esse videatur.</subfield>
  </datafield>
  <datafield tag="250" ind1=" " ind2=" ">
    <subfield code="a">Editio novissima, long&#xE8; prae caeteris castigata, magno vocabulorum numero, in gratiam, atque usum studiosae juventutis adaucta, crassisque erroribus summ&#xE2; vigilanti&#xE2; expurgata </subfield>
    <subfield code="b">a D. Francisco Cepeda.</subfield>
  </datafield>
  <datafield tag="260" ind1=" " ind2=" ">
    <subfield code="a">Matriti : </subfield>
    <subfield code="b">apud Viduam, et Filium Petri Marin : </subfield>
    <subfield code="b">Typographor. ac Bibliopol. Reg. Societatis sumptibus, </subfield>
    <subfield code="c">1796.</subfield>
  </datafield>
  <datafield tag="300" ind1=" " ind2=" ">
    <subfield code="a">[8], 1218, [2] p. ; </subfield>
    <subfield code="c">4&#xBA;.</subfield>
  </datafield>
  <datafield tag="510" ind1="4" ind2=" ">
    <subfield code="a">Palau, </subfield>
    <subfield code="c">286171</subfield>
  </datafield>
  <datafield tag="597" ind1=" " ind2=" ">
    <subfield code="a">Sign.: [calder&#xF3;n]4, A-Z8, 2A-2Z8, 3A-3Z8, 4A-4F8, 4G10.</subfield>
  </datafield>
  <datafield tag="650" ind1=" " ind2="4">
    <subfield code="a">Lengua latina-</subfield>
    <subfield code="v">Diccionarios-</subfield>
    <subfield code="x">Espa&#xF1;ol.</subfield>
    <subfield code="9">14295</subfield>
  </datafield>
  <datafield tag="700" ind1="1" ind2=" ">
    <subfield code="a">Cerda, Juan Luis de la, </subfield>
    <subfield code="d">1560-1643</subfield>
    <subfield code="9">126415</subfield>
  </datafield>
  <datafield tag="700" ind1="1" ind2=" ">
    <subfield code="a">Cepeda, Francisco de,</subfield>
    <subfield code="d">s. XVIII</subfield>
    <subfield code="9">37429</subfield>
  </datafield>
  <datafield tag="852" ind1=" " ind2=" ">
    <subfield code="a">ES-MaACL</subfield>
    <subfield code="j">R-344   </subfield>
    <subfield code="z">-- Enc. hol. </subfield>
    <subfield code="x"> Olim:  B-691</subfield>
  </datafield>
  <datafield tag="999" ind1=" " ind2=" ">
    <subfield code="c">164405</subfield>
    <subfield code="d">164405</subfield>
  </datafield>
  <datafield tag="952" ind1=" " ind2=" ">
    <subfield code="0">0</subfield>
    <subfield code="1">0</subfield>
    <subfield code="4">0</subfield>
    <subfield code="7">0</subfield>
    <subfield code="8">LIBXVIII</subfield>
    <subfield code="a">ATENEOM</subfield>
    <subfield code="b">ATENEOM</subfield>
    <subfield code="c">DEPO</subfield>
    <subfield code="d">2008-01-17</subfield>
    <subfield code="e">SSC</subfield>
    <subfield code="l">0</subfield>
    <subfield code="o">R-344</subfield>
    <subfield code="p">1172323</subfield>
    <subfield code="r">2023-02-23 00:00:00</subfield>
    <subfield code="w">2023-02-23</subfield>
    <subfield code="y">MONANT</subfield>
  </datafield>
</record>
